000 00989nam a2200277 i 4500
001 104978
003 ES-MaACL
005 20251106133940.0
007 t|
008 060602q1923 sp |||| | spa d
080 _a165.72
100 1 _aSánchez, Francisco,
_d1550-1623
_9102365
245 1 0 _aQue nada se sabe /
_cpor Francisco Sánchez ; con un prólogo de Menéndez y Pelayo.
260 _a[Madrid] :
_bRenacimiento,
_c[1923]
300 _aLV, 190 p. ;
_c19 cm.
490 1 _aColección Gil Blas
530 _aDisponible en formato digital.
650 1 7 _aEscepticismo
_2embne
_912353
700 1 _aMenéndez y Pelayo, Marcelino,
_d1856-1912
_980332
830 0 _aColección Gil Blas
_9232673
852 _aES-MaACL
_jE-11295
_cDEPO2
_h Jacinto Martínez Lacalle
856 4 _uhttp://bdh-rd.bne.es/viewer.vm?id=0000233716&page=1
_y(Biblioteca Digital Hispánica)
903 _9139376
_aMartínez Lacalle, Jacinto
_ednr
942 _2udc
999 _c104978
_d104978